| Registos Bibliográficos associados ao registo de autoridade |
|
Etiqueta de registo: 00000nam 2200025 450 001 1983434 003 http://id.bnportugal.gov.pt/bib/catbnp/1983434 010 ## $a978-972-8831-14-1 021 ## $aPT$b434563/17 100 ## $a20180223d2017 m y0pory01030103ba 101 0# $apor 102 ## $aPT 105 ## $aa z 000yy 106 ## $ar 200 1# $aManual do técnico de exercício físico$fed. Diogo S. Teixeira, Paulo Marques, Carla Gaspar 205 ## $a1ª ed 210 #9 $a[S.l.]$cManz,$d2017 215 ## $a415 p.$cil.$d23 cm 675 ## $a796.41.015(035)$vBN$zpor$31632040 702 #1 $aTeixeira,$bDiogo S.$4340$31705254 702 #1 $912$aMarques,$bPaulo$4340$31705258 702 #1 $92$aGaspar,$bCarla$4340$31705259 801 #0 $aPT$bBN$gRPC 856 41 $uhttp://rnod.bnportugal.gov.pt/ImagesBN/winlibimg.aspx?skey=&doc=1983434&img=106691&save=true 900 ## $aBIBNAC$d20180313 966 ## $lBN$mFGMON$sB.A. 42801 V.$x1 966 ## $lBN$mFGMON$sB.A. 42801 V.-D$x1
Etiqueta de registo: 00000nam 2200025 450 001 2015884 003 http://id.bnportugal.gov.pt/bib/catbnp/2015884 010 ## $a978-972-8831-15-8 021 ## $aPT$b448735/18 100 ## $a20190227d2018 m y0pory01030103ba 101 0# $apor 102 ## $aPT 105 ## $aa z 000yy 106 ## $ar 200 1# $aManual do técnico de exercício físico$fed. Diogo S. Teixeira, Paulo Marques, Carla Gaspar 205 ## $a2ª ed 210 #9 $a[S.l.]$cManz,$d2018 215 ## $a415 p.$cil.$d23 cm 675 ## $a796.41.015(035)$vBN$zpor$31632040 702 #1 $aTeixeira,$bDiogo S.$4340$31705254 702 #1 $912$aMarques,$bPaulo$4340$31705258 702 #1 $92$aGaspar,$bCarla$4340$31705259 801 #0 $aPT$bBN$gRPC 856 41 $uhttp://rnod.bnportugal.gov.pt/ImagesBN/winlibimg.aspx?skey=&doc=2015884&img=121962&save=true 900 ## $aBIBNAC$d20190319 966 ## $lBN$mFGMON$sB.A. 43956 V.$x1 966 ## $lBN$mFGMON$sB.A. 43956 V.-D$x1
Etiqueta de registo: 00000nam 2200025 450 001 2088093 003 http://id.bnportugal.gov.pt/bib/catbnp/2088093 010 ## $a978-989-8984-29-6 021 ## $aPT$b466223/20 100 ## $a20211221d2020 m y0pory01030103ba 101 0# $apor 102 ## $aPT 105 ## $ay z 000ay 106 ## $ar 200 1# $a A aldeia da solitude$fDiogo S. Teixeira 210 #9 $aAlmada$cHórus,$d2020 215 ## $a138 p.$d22 cm 675 ## $a821.134.3-31"20"$vBN$zpor$31044234 700 #1 $aTeixeira,$bDiogo S.$31705254 801 #0 $aPT$bBN$gRPC 856 41 $uhttp://rnod.bnportugal.gov.pt/ImagesBN/winlibimg.aspx?skey=&doc=2088093&img=159115&save=true 900 ## $aBIBNAC$d20220104 966 ## $lBN$mFGMON$sL. 157923 V.$x1 971 ## $ccsilva$d20211221 972 ## $e0$d20220104$vasantos 973 ## $ccristinat$d20211227 974 ## $d20211227$e0$vrsimoes
Etiqueta de registo: 00000nam 2200025 450 001 2121156 003 http://id.bnportugal.gov.pt/bib/catbnp/2121156 010 ## $a978-972-8831-15-8 021 ## $aPT$b505709/22 100 ## $a20230120d2022 m y0pory01030103ba 101 0# $apor 102 ## $aPT 105 ## $aa z 000yy 106 ## $ar 200 1# $aManual do técnico de exercício físico$fcoord. Diogo S. Teixeira, Paulo Marques, Carla Gaspar 205 ## $a3ª ed 210 #9 $a[S.l.]$cManz,$d2022 215 ## $a428 p.$cil.$d23 cm 675 ## $a796.41.015(035)$vBN$zpor$31632040 702 #1 $aTeixeira,$bDiogo S.$4340$31705254 702 #1 $912$aMarques,$bPaulo$4340$31705258 702 #1 $92$aGaspar,$bCarla$4340$31705259 801 #0 $aPT$bBN$gRPC 856 41 $uhttp://rnod.bnportugal.gov.pt/ImagesBN/winlibimg.aspx?skey=&doc=2121156&img=173570&save=true 900 ## $aBIBNAC$d20230303 966 ## $lBN$mFGMON$sB.A. 48193 V.$x1 966 ## $lBN$mFGMON$sB.A. 48193 V.-D$x1 971 ## $cssilva$d20230120 972 ## $e0$z0$d20230303$viquintas 975 ## $e0$d20230420$vevalente
|
|
|